000
00293nam a22001217a 4500
008
180806b xxu||||| |||| 00| 0 eng d
082
_a
813.52
245
_a
Produktdatenmodellierung in der Praxis
_c
SCHICHTEL.M
260
_c
2002
300
_a
1
_f
CD
440
_x
3446218572
942
_2
ddc
_c
MX
999
_c
46851
_d
46851